<?xml version="1.0" encoding="UTF-8"?>
<record
    xmlns:xsi="http://www.w3.org/2001/XMLSchema-instance"
    xsi:schemaLocation="http://www.loc.gov/MARC21/slim http://www.loc.gov/standards/marcxml/schema/MARC21slim.xsd"
    xmlns="http://www.loc.gov/MARC21/slim">

  <leader>00720nam a22002292i 4500</leader>
  <controlfield tag="001">21992</controlfield>
  <controlfield tag="003">BD-RjUL</controlfield>
  <controlfield tag="005">20211209000744.0</controlfield>
  <controlfield tag="008">140306s1951    enk           000 1 eng d</controlfield>
  <datafield tag="035" ind1=" " ind2=" ">
    <subfield code="a">OCLC ocm30177020 from D950309M</subfield>
    <subfield code="a">(BD-RjUL)22057</subfield>
  </datafield>
  <datafield tag="040" ind1=" " ind2=" ">
    <subfield code="a">UKM</subfield>
    <subfield code="c">UKM</subfield>
    <subfield code="d">EQO</subfield>
    <subfield code="d">BD-RjUL</subfield>
    <subfield code="b">eng</subfield>
  </datafield>
  <datafield tag="041" ind1=" " ind2=" ">
    <subfield code="a">eng</subfield>
  </datafield>
  <datafield tag="082" ind1=" " ind2=" ">
    <subfield code="a">823.8</subfield>
    <subfield code="2">18</subfield>
    <subfield code="b">BOL</subfield>
  </datafield>
  <datafield tag="100" ind1="1" ind2=" ">
    <subfield code="a">Borrow, George,</subfield>
    <subfield code="d">1803-1881.</subfield>
    <subfield code="9">49070</subfield>
  </datafield>
  <datafield tag="245" ind1="1" ind2="0">
    <subfield code="a">Lavengro :</subfield>
    <subfield code="b">the scholar, the gypsy, the priest /</subfield>
    <subfield code="c">George Borrow.</subfield>
  </datafield>
  <datafield tag="260" ind1=" " ind2=" ">
    <subfield code="a">Lndon :</subfield>
    <subfield code="c">1951.</subfield>
    <subfield code="b">Oxford,</subfield>
  </datafield>
  <datafield tag="300" ind1=" " ind2=" ">
    <subfield code="a">628 p. ;</subfield>
    <subfield code="c">18 cm.</subfield>
  </datafield>
  <datafield tag="650" ind1="0" ind2="7">
    <subfield code="2">SLSH</subfield>
    <subfield code="a">Romanies -- England -- History -- 19th century -- Fiction.</subfield>
    <subfield code="9">67910</subfield>
  </datafield>
  <datafield tag="830" ind1=" " ind2="0">
    <subfield code="a">Minster Engl. texts</subfield>
    <subfield code="9">67911</subfield>
  </datafield>
  <datafield tag="942" ind1=" " ind2=" ">
    <subfield code="2">ddc</subfield>
    <subfield code="c">BK</subfield>
  </datafield>
  <datafield tag="999" ind1=" " ind2=" ">
    <subfield code="c">21992</subfield>
    <subfield code="d">21992</subfield>
  </datafield>
  <datafield tag="952" ind1=" " ind2=" ">
    <subfield code="0">0</subfield>
    <subfield code="1">0</subfield>
    <subfield code="2">ddc</subfield>
    <subfield code="4">0</subfield>
    <subfield code="7">0</subfield>
    <subfield code="a">RUCL</subfield>
    <subfield code="b">RUCL</subfield>
    <subfield code="c">Stack</subfield>
    <subfield code="d">1954-10-25</subfield>
    <subfield code="e">Oxford university press</subfield>
    <subfield code="g">3.60</subfield>
    <subfield code="l">0</subfield>
    <subfield code="o">823.8 BOL 1951</subfield>
    <subfield code="r">2014-03-06 00:00:00</subfield>
    <subfield code="t">C-2</subfield>
    <subfield code="w">2014-03-06</subfield>
    <subfield code="y">BK</subfield>
  </datafield>
</record>
